IFM Opac

Appropriative Technology (Record no. 17970)

MARC details
000 -LEADER
fixed length control field 00344nam a22001457a 4500
020 ## - INTERNATIONAL STANDARD BOOK NUMBER
International Standard Book Number 0333242068
082 ## - DEWEY DECIMAL CLASSIFICATION NUMBER
Classification number 609.172 4 DUN
100 ## - MAIN ENTRY--PERSONAL NAME
Personal name Dunn,P.
245 ## - TITLE STATEMENT
Title Appropriative Technology
260 ## - PUBLICATION, DISTRIBUTION, ETC.
Place of publication, distribution, etc. London
Name of publisher, distributor, etc. George Mcrobie
300 ## - PHYSICAL DESCRIPTION
Extent ix,220p.
Other physical details ill,;20cm
500 ## - GENERAL NOTE
General note includes; index
650 ## - SUBJECT ADDED ENTRY--TOPICAL TERM
Topical term or geographic name entry element Appropriative Technology
942 ## - ADDED ENTRY ELEMENTS (KOHA)
Koha item type Books
Holdings
Withdrawn status Lost status Source of classification or shelving scheme Damaged status Not for loan Home library Current library Shelving location Date acquired Full call number Barcode Date last seen Price effective from Koha item type
    Dewey Decimal Classification     IFM Main Campus Library IFM Main Campus Library   08/09/2017 609.172 4 DUN 0000011489 08/09/2017 08/09/2017 Books